[Event "7. Open Galapagar 2006"]
[Site "Galapagar ESP"]
[Date "2006.07.26"]
[Round "5.24"]
[White "Avendaño Mateos, Ivan Jose"]
[Black "Garcia Ruido, Ricardo"]
[Result "0-1"]
[WhiteElo "1898"]
[BlackElo "2200"]
[PlyCount "97"]
[EventDate "2006.07.22"]
[EventType "swiss"]
[EventRounds "9"]
[EventCountry "ESP"]
[Source "lmi"]
[SourceDate "2006.07.30"]

1. d4 d5 2. c4 c6 3. Nc3 Nf6 4. Nf3 e6 5. e3 Nbd7 6. Bd3 dxc4 7. Bxc4 b5 8. Bd3
Bb7 9. a3 a6 10. b4 a5 11. Rb1 Nd5 12. Nxd5 exd5 13. Bd2 axb4 14. Bxb4 Nb6 15.
Qc2 g6 16. Ne5 Bxb4+ 17. axb4 Qd6 18. O-O Nc4 19. Bxc4 bxc4 20. f4 Bc8 21. Ra1
Rxa1 22. Rxa1 O-O 23. Qc3 f6 24. Nf3 Bf5 25. h3 Rb8 26. Ra4 Bd3 27. Ne1 Qe6 28.
Kf2 Re8 29. Qd2 Be4 30. g4 Qd7 31. Qa2 Qe6 32. Qa3 h5 33. Kg3 Bd3 34. Ng2 hxg4
35. hxg4 Be2 36. Qc1 Qxg4+ 37. Kf2 Qf3+ 38. Kg1 Qg3 39. Ra3 Bf3 40. Qf1 Rb8 41.
Ra4 Bxg2 42. Qxg2 Qxe3+ 43. Kh1 Qc1+ 44. Kh2 Qxf4+ 45. Kh3 Qf5+ 46. Kh2 Qh5+
47. Kg3 Qg5+ 48. Kh2 Qxg2+ 49. Kxg2 0-1

[Event "7. Open Galapagar 2006"]
[Site "Galapagar ESP"]
[Date "2006.07.26"]
[Round "5.25"]
[White "Lopez de Turiso, Jose Angel"]
[Black "Castejon Caballero, Andres"]
[Result "1-0"]
[WhiteElo "2116"]
[BlackElo "1901"]
[PlyCount "55"]
[EventDate "2006.07.22"]
[EventType "swiss"]
[EventRounds "9"]
[EventCountry "ESP"]
[Source "lmi"]
[SourceDate "2006.07.30"]

1. c4 Nf6 2. Nc3 g6 3. e4 d6 4. g3 Bg7 5. Bg2 O-O 6. Nge2 e5 7. O-O Nc6 8. f4
Nd4 9. d3 Nh5 10. f5 Nf6 11. Nxd4 exd4 12. Nb5 c5 13. Bf4 Ne8 14. Qd2 a6 15.
Na3 f6 16. g4 g5 17. Bg3 Bd7 18. e5 dxe5 19. Bxb7 Ra7 20. Bd5+ Kh8 21. h4 Bh6
22. Nc2 Nc7 23. Bf3 a5 24. Qh2 Kg7 25. Bxe5 gxh4 26. Bd6 Re8 27. Bxc5 Ra6 28.
Bxd4 1-0

[Event "7. Open Galapagar 2006"]
[Site "Galapagar ESP"]
[Date "2006.07.26"]
[Round "5.26"]
[White "Alvarez Jimenez, Alfonso"]
[Black "Sanchez Alvarez, Jorge"]
[Result "0-1"]
[WhiteElo "1872"]
[BlackElo "2112"]
[PlyCount "86"]
[EventDate "2006.07.22"]
[EventType "swiss"]
[EventRounds "9"]
[EventCountry "ESP"]
[Source "lmi"]
[SourceDate "2006.07.30"]

1. e4 e5 2. Nf3 Nc6 3. Bb5 a6 4. Ba4 Nf6 5. O-O d6 6. Re1 Be7 7. c3 Bg4 8. h3
Bh5 9. d4 b5 10. d5 Na5 11. Bc2 O-O 12. Nbd2 Qe8 13. b4 Nb7 14. Bb2 c6 15. c4
c5 16. bxc5 Nxc5 17. cxb5 axb5 18. a3 Bd8 19. Rc1 Ba5 20. Re3 Nfd7 21. g4 Bg6
22. Nh4 Nb6 23. Nf5 Bxf5 24. gxf5 Bxd2 25. Qxd2 Nc4 26. Qc3 Nxe3 27. Qxe3 Qd8
28. Kh2 g5 29. h4 h6 30. hxg5 hxg5 31. Rg1 f6 32. f4 exf4 33. Qxf4 Kf7 34. Qf1
Qe8 35. Rg4 Ke7 36. Bc1 Qh5+ 37. Kg3 Rh8 38. Qg2 Qh1 39. Qxh1 Rxh1 40. Be3 Rxa3
41. Kg2 Rh4 42. Rg3 Ra2 43. Kf3 Rxc2 0-1

[Event "7. Open Galapagar 2006"]
[Site "Galapagar ESP"]
[Date "2006.07.26"]
[Round "5.27"]
[White "Quintero Torres, Pedro"]
[Black "Aguado Rodriguez, Guillermo"]
[Result "1-0"]
[WhiteElo "2049"]
[BlackElo "1884"]
[PlyCount "119"]
[EventDate "2006.07.22"]
[EventType "swiss"]
[EventRounds "9"]
[EventCountry "ESP"]
[Source "lmi"]
[SourceDate "2006.07.30"]

1. e4 e5 2. Nf3 Nc6 3. c3 d6 4. d4 Be7 5. Bb5 exd4 6. cxd4 Bd7 7. O-O a6 8. Ba4
Nf6 9. Nc3 O-O 10. e5 dxe5 11. dxe5 Ne8 12. Bf4 Bg4 13. Nd5 Bc5 14. Rc1 Bxf3
15. Qxf3 Nd4 16. Qe4 Ne6 17. Bc2 Qh4 18. g3 Qh3 19. Qf5 Qxf5 20. Bxf5 Nxf4 21.
gxf4 Bb6 22. Nxb6 cxb6 23. Rfd1 g6 24. Be4 Ng7 25. Bxb7 Ra7 26. Bc8 Ne6 27.
Bxe6 fxe6 28. Rd4 Kf7 29. Rc6 Rb7 30. Rdd6 Re8 31. Rxb6 Reb8 32. Rxb7+ Rxb7 33.
b3 a5 34. Ra6 Rb5 35. Ra7+ Kg8 36. Kg2 h6 37. Re7 Rb6 38. h4 a4 39. bxa4 Ra6
40. Kg3 Kf8 41. Rb7 Rxa4 42. h5 g5 43. fxg5 hxg5 44. h6 Kg8 45. Rg7+ Kh8 46.
Rg6 Rxa2 47. Rxe6 Kh7 48. f3 Ra4 49. Rf6 Ra8 50. Kg4 Ra4+ 51. Kxg5 Ra5 52. f4
Rb5 53. Rf7+ Kg8 54. Ra7 Kh8 55. Kf6 Rb6+ 56. e6 Kg8 57. f5 Rb8 58. Kg6 Kh8 59.
Rh7+ Kg8 60. f6 1-0

[Event "7. Open Galapagar 2006"]
[Site "Galapagar ESP"]
[Date "2006.07.27"]
[Round "6.1"]
[White "Barria Zuñiga, Daniel"]
[Black "Aguirre, Simon"]
[Result "1-0"]
[WhiteElo "2420"]
[BlackElo "2250"]
[PlyCount "101"]
[EventDate "2006.07.22"]
[EventType "swiss"]
[EventRounds "9"]
[EventCountry "ESP"]
[Source "lmi"]
[SourceDate "2006.07.30"]

1. d4 Nf6 2. c4 e6 3. Nf3 b6 4. g3 Bb7 5. Bg2 Be7 6. O-O O-O 7. Nc3 Ne4 8. Qc2
Nxc3 9. Qxc3 c5 10. Rd1 d6 11. d5 exd5 12. cxd5 Bf6 13. Qc2 Re8 14. e4 Na6 15.
Bd2 Nc7 16. Bc3 Bxc3 17. bxc3 Qf6 18. Nh4 b5 19. f4 a5 20. Nf3 Qg6 21. Nh4 Qf6
22. Rac1 Rad8 23. Qf2 Bc8 24. Re1 Qe7 25. h3 f6 26. Nf3 Qf7 27. Rcd1 Bb7 28.
Nh4 Na6 29. Qb2 b4 30. c4 Nb8 31. Kh2 Nd7 32. Nf5 Nb6 33. Qc2 Ba6 34. Bf1 Qd7
35. Rc1 Qc7 36. Bd3 Bc8 37. Nh4 Qd7 38. g4 g5 39. Nf5 Qc7 40. Qb2 Bxf5 41. gxf5
Kf7 42. Be2 gxf4 43. Bh5+ Ke7 44. Bxe8 Rxe8 45. Rg1 Nd7 46. Rg7+ Kd8 47. Rxh7
Rg8 48. Rg1 Rxg1 49. Kxg1 Kc8 50. Qg2 Qd8 51. Qg7 1-0

[Event "7. Open Galapagar 2006"]
[Site "Galapagar ESP"]
[Date "2006.07.27"]
[Round "6.2"]
[White "Garcia Fernandez, Carlos"]
[Black "Roa Alonso, Santiago"]
[Result "1/2-1/2"]
[WhiteElo "2358"]
[BlackElo "2418"]
[PlyCount "43"]
[EventDate "2006.07.22"]
[EventType "swiss"]
[EventRounds "9"]
[EventCountry "ESP"]
[Source "lmi"]
[SourceDate "2006.07.30"]

1. e4 e5 2. Bc4 Nf6 3. d3 Nc6 4. Nf3 Be7 5. O-O d6 6. c3 O-O 7. Bb3 Na5 8. Bc2
c5 9. Re1 Nc6 10. Nbd2 Re8 11. Nf1 Bf8 12. Ng3 h6 13. h3 Be6 14. d4 cxd4 15.
cxd4 Nxd4 16. Nxd4 exd4 17. Qxd4 Rc8 18. Ba4 Re7 19. Bb3 Bxb3 20. axb3 Qb6 21.
Qxb6 axb6 22. Bd2 1/2-1/2

[Event "7. Open Galapagar 2006"]
[Site "Galapagar ESP"]
[Date "2006.07.27"]
[Round "6.3"]
[White "Solaesa Navalpotro, Luis Julio"]
[Black "Labarta Gonzalez, Ivan B"]
[Result "1-0"]
[WhiteElo "2334"]
[BlackElo "2113"]
[PlyCount "103"]
[EventDate "2006.07.22"]
[EventType "swiss"]
[EventRounds "9"]
[EventCountry "ESP"]
[Source "lmi"]
[SourceDate "2006.07.30"]

1. d4 Nf6 2. Bg5 e6 3. e4 c5 4. d5 Qb6 5. Nc3 Qxb2 6. Bd2 Qb6 7. f4 d6 8. Nf3
Be7 9. Bb5+ Kf8 10. a4 Na6 11. Bc4 exd5 12. exd5 Nb4 13. O-O Bf5 14. Rc1 Ne4
15. Nxe4 Bxe4 16. Bc3 Qd8 17. Qd2 Bxf3 18. Rxf3 Bf6 19. Bxf6 Qxf6 20. Rb3 g6
21. c3 a5 22. cxb4 axb4 23. Bb5 Kg7 24. Re1 Rhc8 25. Qb2 Rc7 26. g4 h6 27. h4
Qxb2 28. Rxb2 Kf6 29. Kf2 g5 30. fxg5+ hxg5 31. h5 c4 32. Rxb4 c3 33. Rbe4 Rc5
34. Rc1 Rac8 35. Re3 R8c7 36. Ke2 c2 37. Rd3 Re7+ 38. Re3 Rec7 39. Bd3 Rxd5 40.
Rxc2 Rxc2+ 41. Bxc2 b5 42. a5 b4 43. Bb3 Rxa5 44. Rf3+ Kg7 45. Rxf7+ Kh8 46.
Rf8+ Kg7 47. Rf7+ Kh8 48. Rb7 Re5+ 49. Kf3 d5 50. Rxb4 Kg7 51. Rd4 Re1 52. Bxd5
1-0

[Event "7. Open Galapagar 2006"]
[Site "Galapagar ESP"]
[Date "2006.07.27"]
[Round "6.4"]
[White "Pau Plana, Albert"]
[Black "Fernandez Garcia, Miguel Angel"]
[Result "0-1"]
[WhiteElo "2070"]
[BlackElo "2317"]
[PlyCount "32"]
[EventDate "2006.07.22"]
[EventType "swiss"]
[EventRounds "9"]
[EventCountry "ESP"]
[Source "lmi"]
[SourceDate "2006.07.30"]

1. e4 c5 2. Nf3 Nc6 3. d4 cxd4 4. Nxd4 e5 5. Nb5 d6 6. N1c3 a6 7. Na3 b5 8. Nd5
Nf6 9. c4 b4 10. Nxf6+ Qxf6 11. Qa4 Bd7 12. Nb5 Qd8 13. Qd1 axb5 14. Be3 bxc4
15. Bxc4 Be7 16. O-O O-O 0-1

[Event "7. Open Galapagar 2006"]
[Site "Galapagar ESP"]
[Date "2006.07.27"]
[Round "6.5"]
[White "Cabañas Bravo, Juan Andres"]
[Black "Perez Gonzalez, Jose Manuel"]
[Result "0-1"]
[WhiteElo "2064"]
[BlackElo "2281"]
[PlyCount "42"]
[EventDate "2006.07.22"]
[EventType "swiss"]
[EventRounds "9"]
[EventCountry "ESP"]
[Source "lmi"]
[SourceDate "2006.07.30"]

1. e4 c5 2. Nf3 e6 3. d4 cxd4 4. Nxd4 Nf6 5. Nc3 d6 6. Bg5 Be7 7. Bxf6 Bxf6 8.
Ndb5 Be7 9. Qd4 e5 10. Qa4 O-O 11. O-O-O Be6 12. Nd5 Bxd5 13. Rxd5 Nd7 14. Qb3
Nf6 15. Rd2 Nxe4 16. Re2 d5 17. g4 Bc5 18. h4 Nxf2 19. Rh2 Nxg4 20. Rh3 d4 21.
Rg2 Ne3 0-1

[Event "7. Open Galapagar 2006"]
[Site "Galapagar ESP"]
[Date "2006.07.27"]
[Round "6.6"]
[White "De la Fuente Gonzalez, Francisco"]
[Black "Pascual Palomo, Lucia"]
[Result "1-0"]
[WhiteElo "2217"]
[BlackElo "2067"]
[PlyCount "63"]
[EventDate "2006.07.22"]
[EventType "swiss"]
[EventRounds "9"]
[EventCountry "ESP"]
[Source "lmi"]
[SourceDate "2006.07.30"]

1. g3 f5 2. Bg2 Nf6 3. c4 g6 4. Nc3 Bg7 5. d3 O-O 6. Nf3 d6 7. O-O e5 8. Rb1
Nc6 9. Bg5 h6 10. Bxf6 Bxf6 11. Nd2 Rb8 12. Nd5 Bg7 13. b4 Be6 14. b5 Ne7 15.
Qa4 Bxd5 16. cxd5 g5 17. Rfc1 Qd7 18. Qxa7 g4 19. b6 cxb6 20. Qxb6 Nc8 21. Qc7
Qxc7 22. Rxc7 Rf7 23. Rbc1 Rxc7 24. Rxc7 Bf6 25. Nc4 Bd8 26. Rd7 Be7 27. Ne3
Kf8 28. Nxf5 Ke8 29. Rc7 Kd8 30. Rc4 Ra8 31. Ng7 Nb6 32. Ne6+ 1-0

[Event "7. Open Galapagar 2006"]
[Site "Galapagar ESP"]
[Date "2006.07.27"]
[Round "6.8"]
[White "Martin Rueda, Daniel"]
[Black "Gordillo Lopez, Manuel"]
[Result "1/2-1/2"]
[WhiteElo "2293"]
[BlackElo "2129"]
[PlyCount "57"]
[EventDate "2006.07.22"]
[EventType "swiss"]
[EventRounds "9"]
[EventCountry "ESP"]
[Source "lmi"]
[SourceDate "2006.07.30"]

1. e4 e6 2. Nf3 d5 3. Nc3 Nf6 4. e5 Nfd7 5. d4 Be7 6. Bd3 b6 7. Ne2 Ba6 8. Bxa6
Nxa6 9. c3 c5 10. h4 h6 11. Be3 b5 12. Nf4 c4 13. a3 Qa5 14. Rh3 O-O-O 15. Rg3
Rdg8 16. h5 Nc7 17. Kf1 Qb6 18. Qc2 Nf8 19. Ke2 a5 20. Rg4 a4 21. Rh1 Ne8 22.
Rh3 Qd8 23. Rhg3 Kb7 24. Kd1 Kc6 25. Kc1 Kb7 26. Kb1 Kb6 27. Ka2 Kc7 28. Nh3
Kb6 29. Nf4 1/2-1/2

[Event "7. Open Galapagar 2006"]
[Site "Galapagar ESP"]
[Date "2006.07.27"]
[Round "6.10"]
[White "Ballesteros Gonzalez, David"]
[Black "Hernandez Navas, Francisco Javier"]
[Result "0-1"]
[WhiteElo "2257"]
[BlackElo "2040"]
[PlyCount "60"]
[EventDate "2006.07.22"]
[EventType "swiss"]
[EventRounds "9"]
[EventCountry "ESP"]
[Source "lmi"]
[SourceDate "2006.07.30"]

1. d4 d5 2. c4 dxc4 3. Nf3 Nf6 4. Nc3 b6 5. e4 e6 6. Bxc4 Bb7 7. O-O Nxe4 8.
Qa4+ Nd7 9. Ne5 Nxc3 10. bxc3 a6 11. f4 b5 12. Qb3 Nxe5 13. fxe5 Bd5 14. Bxd5
Qxd5 15. Qc2 Be7 16. Rf3 c5 17. Be3 cxd4 18. cxd4 O-O 19. Rh3 g6 20. Rf1 f5 21.
Rc1 f4 22. Bf2 f3 23. Rg3 Kg7 24. Qc7 Rf7 25. Rxf3 Raf8 26. Rxf7+ Rxf7 27. Qc2
Bg5 28. Rd1 Qc4 29. Qb3 Qe2 30. Rf1 Rxf2 0-1

[Event "7. Open Galapagar 2006"]
[Site "Galapagar ESP"]
[Date "2006.07.27"]
[Round "6.17"]
[White "Criado De Diego, Pedro"]
[Black "Ruiz de Alegria, Carlos"]
[Result "1-0"]
[WhiteElo "2123"]
[BlackElo "2001"]
[PlyCount "61"]
[EventDate "2006.07.22"]
[EventType "swiss"]
[EventRounds "9"]
[EventCountry "ESP"]
[Source "lmi"]
[SourceDate "2006.07.30"]

1. d4 d5 2. Nc3 Nf6 3. Bg5 Bf5 4. f3 Bg6 5. Qd2 e6 6. e4 dxe4 7. O-O-O Be7 8.
Bc4 c6 9. h4 h5 10. Nh3 Nd5 11. Nxe4 Nd7 12. Nd6+ Kf8 13. Bxd5 cxd5 14. Nf4 Bh7
15. Rhe1 Bxg5 16. hxg5 Qe7 17. Nxb7 Rc8 18. g6 Bxg6 19. Rxe6 Qxe6 20. Nxe6+
fxe6 21. Nc5 Nxc5 22. dxc5 Kg8 23. Qe3 Bf7 24. b4 Rh6 25. g4 e5 26. Qxe5 Re8
27. Qd4 Rf6 28. gxh5 Rxf3 29. Rg1 Rf6 30. Qxf6 Re1+ 31. Rxe1 1-0

[Event "7. Open Galapagar 2006"]
[Site "Galapagar ESP"]
[Date "2006.07.28"]
[Round "7"]
[White "Gordillo Lopez, Manuel"]
[Black "Castejon Caballero, Natalia"]
[Result "1-0"]
[WhiteElo "2129"]
[BlackElo "1995"]
[PlyCount "89"]
[EventDate "2006.07.22"]
[EventType "swiss"]
[EventRounds "9"]
[EventCountry "ESP"]
[Source "lmi"]
[SourceDate "2006.07.30"]

1. d4 d5 2. Bg5 c6 3. e3 h6 4. Bh4 Nd7 5. f4 Ngf6 6. Nd2 e6 7. Bd3 c5 8. c3 Be7
9. Nh3 c4 10. Bc2 b5 11. a3 a5 12. O-O Bb7 13. Bxf6 gxf6 14. f5 e5 15. e4 Qb6
16. Nb1 Rg8 17. Nf2 O-O-O 18. Qf3 Rg7 19. Rd1 Rdg8 20. g3 exd4 21. cxd4 Bd6 22.
g4 h5 23. h3 hxg4 24. hxg4 Rxg4+ 25. Nxg4 Ne5 26. Qh3 Nxg4 27. Kf1 Bf4 28. Ke2
Ne3 29. Qh7 Rg2+ 30. Kf3 Qd6 31. Qh8+ Kc7 32. Nc3 dxe4+ 33. Bxe4 Bxe4+ 34. Nxe4
Qe7 35. Qa8 Kb6 36. Kxf4 Nxd1 37. Qb8+ Kc6 38. d5+ Kd7 39. Qa7+ Ke8 40. Qa8+
Kd7 41. Qc6+ Kd8 42. Qb6+ Ke8 43. Qb8+ Kd7 44. Qa7+ Ke8 45. Qxe7+ 1-0

[Event "7. Open Galapagar 2006"]
[Site "Galapagar ESP"]
[Date "2006.07.28"]
[Round "7.1"]
[White "Garcia Fernandez, Carlos"]
[Black "Barria Zuñiga, Daniel"]
[Result "1/2-1/2"]
[WhiteElo "2358"]
[BlackElo "2420"]
[PlyCount "31"]
[EventDate "2006.07.22"]
[EventType "swiss"]
[EventRounds "9"]
[EventCountry "ESP"]
[Source "lmi"]
[SourceDate "2006.07.30"]

1. e4 e5 2. Bc4 Nf6 3. d3 Nc6 4. Nf3 Be7 5. O-O d6 6. a4 a5 7. Re1 O-O 8. c3
Nb8 9. Nbd2 c6 10. Ba2 Nbd7 11. Nf1 Nc5 12. Ng3 Be6 13. d4 Bxa2 14. Rxa2 exd4
15. cxd4 Na6 16. b3 1/2-1/2

[Event "7. Open Galapagar 2006"]
[Site "Galapagar ESP"]
[Date "2006.07.28"]
[Round "7.8"]
[White "Labarta Gonzalez, Ivan B"]
[Black "Martin Rueda, Daniel"]
[Result "0-1"]
[WhiteElo "2113"]
[BlackElo "2293"]
[PlyCount "58"]
[EventDate "2006.07.22"]
[EventType "swiss"]
[EventRounds "9"]
[EventCountry "ESP"]
[Source "lmi"]
[SourceDate "2006.07.30"]

1. d4 d5 2. c4 c6 3. Nf3 Nf6 4. e3 a6 5. Bd3 b5 6. b3 Bg4 7. Nbd2 e6 8. Qc2
Nbd7 9. Bb2 Bd6 10. Ne5 Rc8 11. c5 Bb8 12. f4 Bh5 13. Ndf3 Bxe5 14. dxe5 Ne4
15. Bxe4 dxe4 16. Nd2 Nxc5 17. O-O Qd5 18. Ba3 Nd3 19. Bd6 f5 20. b4 Kf7 21.
Nb3 Rhg8 22. Nc1 g5 23. a4 gxf4 24. Ra3 fxe3 25. Rxd3 exd3 26. Nxd3 e2 27. Rf2
Qxd3 28. Qxd3 e1=Q+ 29. Rf1 Be2 0-1